01093nam a2200277 i 4500001001000000003000900010005001700019007000300036008004100039040003000080082002800110110007700138240001900215245008300234264008500317300002200402336002700424337003300451338002800484500003300512650004900545650003000594651006000624651005300684651007800737000015802DO-SdBNP20241003095345.0ta100218s1937 dr 001 0 spa d aDO-SdBNPbspacBNPHUerda a341.02667293bR426t2221 aRepública Dominicana.bSecretaría de Estado de Relaciones Exteriores10aTratados, etc.10aTratados y convenciones internacionales vigentes de la República Dominicana. aCiudad Trujillo, República Dominicana :bImprenta J. R. Viuda García,c1937. avolumen ;c24 cm. ardacontentbtexto2txt ardamediabsin mediación2n brdacarrier0volumen2nc aLa biblioteca posee v.1, e.2 4aTratados comercialeszRepública Dominicana 4aNegociaciones comerciales 4aRepública DominicanaxRelaciones ExterioresxTratados 4aRepública DominicanaxTratados Internacionales 4aRepública DominicanaxPolítica Y GobiernoyERA DE TRUJILLO, 1930-1961